Two Boys and a Boat (Registo nº 1222)

Detalhes MARC
000 -Etiqueta do registo
Cabeçalho 00621nam0a2200265 4500
005 - Identificador da versão
Campo de controlo 20240813121830.0
010 ## - Número internacional normalizado dos livros (ISBN)
Número (ISBN) 9780194224253
021 ## - Número do Depósito Legal
Código do país PT
100 ## - Dados gerais de processamento
Dados gerais de processamento 20110104d19932010d y0pory5003 ba
102 ## - Pais de publicação ou produção
País de publicação Reino Unido
101 0# - Língua de publicação
Língua do texto, banda sonora, etc. Inglês
Língua do documento no original Inglês
106 ## - Campo de dados codificados: material textual
Dados codificados do material textual r
105 ## - Campo de dados codificados: livros
Dados codificados dos livros a z 001yy
215 ## - Descrição física 
Indicação específica da natureza do documento e extensão da espécie 23 p.
Outras indicações físicas il.
200 1# - Titulo e menção de responsabilidade
Título próprio Two Boys and a Boat
Primeira menção de responsabilidade Sue Arengo
225 2# - Colecção 
Título próprio da colecção English Today Readers
205 ## - Menção da edição
Menção da edição ª ed
210 ## - Publicação, Distribuição, etc. 
Lugar da edição, distribuição, etc. Oxford
Nome do editor, distribuidor, etc. Oxford University Press
Data da publicação, distribuição, etc. 2003
304 ## - Notas relativas a título e menção de responsabilidade 
Texto da nota Tít. orig.:
700 #1 - Nome de autor-pessoa física (responsabilidade principal)
Número de registo de entrada de autoridade 0001519
Palavra de ordem Arengo
Outra parte do nome não tomada para palavra de ordem Sue
942 ## - Elementos de entrada adicionados (Koha)
Tipo de item no Koha Livro
Exemplares
Situação do levantamento Origin of item (home branch) (coded) Biblioteca de empréstimo Código de barras Cota Circulation type (not for loan) Tipo de documento Nota do exemplar Damaged status
  Biblioteca Escolar Eng. Nuno Mergulhão Biblioteca Escolar Eng. Nuno Mergulhão BENM2409 8EST ARE   Livro Sem mensagem